00944nam a2200253 u 4500001001300000003000900013005001700022008004100039020001800080040002800098082003400126100003200160240003700192245009100229260003200320300003300352490003000385490004100415500003800456504004000494655008300534830003100617830004200648000000355032IT-MiSPE20210414160957.0070423s2007 it b 001 ucita d a9788816304406 aIT-MiSPEbitacIT-MiSPE a270.092-LAB ju st (axa 23306)1 aLaboa, Juan María,d1939-10aHistoria de los Papas.lItaliano13aLa storia dei Papi :btra il regno di Dio e le passioni terrene /cJuan María Laboa. aMilano :bJaca Book,c2007. a542 p. :bc. geogr. ;c25 cm1 aGià e non ancora ;v4401 aComplementi alla storia della Chiesa aTit. orig.: Historia de los Papas aBibliografia (pp. 487-526) e indice 7aStoria ecclesiastica. GeneralitàxStoria generale dei Papi (italiano)2local 0aGià e non ancora ;v440. 0aComplementi alla storia della Chiesa.